[Event "ch-EUR Women Blitz"]
[Site "Monaco MNC"]
[Date "2017.10.23"]
[EventDate "2017.10.23"]
[Round "8.6"]
[Result "1-0"]
[White "Aleksandra Goryachkina"]
[Black "Marie Sebag"]
[WhiteElo "2478"]
[BlackElo "2495"]
[PlyCount "121"]

1. e4 c5 2. Nf3 d6 3. c3 Nf6 4. Be2 Nbd7 5. d3 b6 6. O-O Bb7
7. Nbd2 g6 8. d4 cxd4 9. cxd4 Nxe4 10. Nxe4 Bxe4 11. Ng5 Bb7
12. Bc4 e6 13. Bxe6 fxe6 14. Nxe6 Qf6 15. Re1 Kf7 16. Qb3 d5
17. Bg5 Qf5 18. Re3 Re8 19. Rf3 Rxe6 20. Rxf5+ gxf5 21. Qf3
Nf6 22. Rc1 Bg7 23. Qxf5 Rhe8 24. g4 R8e7 25. h3 Kg8 26. Bf4
Ne4 27. Be3 Rf6 28. Qh5 Ref7 29. g5 Rf5 30. Qe2 Nxg5 31. Qb5
Nf3+ 32. Kg2 Bf8 33. Qe8 Re7 34. Qb8 Rg7+ 35. Kf1 Nh4 36. Ke2
Ng6 37. Rc7 Rxc7 38. Qxc7 Rf7 39. Qd8 Kg7 40. h4 Be7 41. Qb8
Bxh4 42. Qd6 Ba6+ 43. Kd2 Bb7 44. f4 Be7 45. Qb8 Bf6 46. f5
Nh4 47. Qg3+ Kh8 48. Qb8+ Kg7 49. Qg3+ Kh8 50. Bh6 Bd8 51. Qb8
Rd7 52. Bg5 Nxf5 53. Bxd8 Kg7 54. Bc7 Bc6 55. Be5+ Kg6
56. Qg8+ Kh5 57. Qe8+ Kg4 58. Qe6 Bb5 59. Qg8+ Kf3 60. Qg5 Rf7
61. Qh5+ 1-0

[Event "ch-EUR Women Blitz"]
[Site "Monaco MNC"]
[Date "2017.10.23"]
[EventDate "2017.10.23"]
[Round "9.8"]
[Result "1-0"]
[White "Marie Sebag"]
[Black "Nino Maisuradze"]
[WhiteElo "2495"]
[BlackElo "2240"]
[PlyCount "65"]

1. e4 c5 2. Nf3 a6 3. c3 d5 4. exd5 Qxd5 5. d4 Nf6 6. Be3 cxd4
7. cxd4 e6 8. Nc3 Qd8 9. Bd3 Nc6 10. a3 Bd6 11. O-O O-O
12. Qe2 b5 13. Rad1 Bb7 14. Bg5 Ne7 15. Bxf6 gxf6 16. Be4 Bxe4
17. Qxe4 b4 18. axb4 Bxb4 19. d5 Bxc3 20. dxe6 Qc8 21. exf7+
Rxf7 22. bxc3 Rb8 23. c4 Rg7 24. Rfe1 Rb4 25. Rc1 Rb3 26. Nd4
Rb2 27. c5 Ng6 28. Qe6+ Qxe6 29. Nxe6 Re7 30. c6 Rb8 31. c7
Rc8 32. Red1 Rxe6 33. Rd8+ 1-0

[Event "ch-EUR Women Blitz"]
[Site "Monaco MNC"]
[Date "2017.10.23"]
[EventDate "2017.10.23"]
[Round "10.4"]
[Result "0-1"]
[White "Elisabeth Paehtz"]
[Black "Marie Sebag"]
[WhiteElo "2453"]
[BlackElo "2495"]
[PlyCount "191"]

1. d4 d5 2. Bf4 Nf6 3. e3 e6 4. c3 c5 5. Bd3 Nc6 6. Nd2 Bd6
7. Bg3 e5 8. dxc5 Bxc5 9. e4 O-O 10. Qe2 d4 11. Nb3 dxc3
12. bxc3 Bb6 13. Bh4 h6 14. Nf3 Qe7 15. O-O Bg4 16. h3 Bh5
17. Bc4 Rac8 18. g4 Bg6 19. Bd5 Qd6 20. Rad1 Nxd5 21. exd5 e4
22. dxc6 exf3 23. Qxf3 Qxc6 24. Qxc6 Rxc6 25. Be7 Re8 26. Bb4
h5 27. Kg2 Re2 28. a4 hxg4 29. hxg4 Rc4 30. Nd4 Rb2 31. Ba3
Ra2 32. Bb4 a5 33. Bd6 Rxc3 34. Nf5 Bxf5 35. gxf5 Rxa4 36. Bg3
Rd4 37. Rb1 Rc6 38. Rfe1 Rd8 39. Re7 a4 40. Rxb7 Bc5 41. Rc1
Rdc8 42. Be5 a3 43. Ba1 Bf8 44. Rxc6 Rxc6 45. Rb8 f6 46. Ra8
Kf7 47. Ra7+ Kg8 48. Ra8 Rb6 49. Bd4 Rb5 50. Bc3 Kf7 51. Ra7+
Kg8 52. Ra8 Rb3 53. Bd4 Rb5 54. Bc3 a2 55. Rxa2 Rxf5 56. Ra8
Kf7 57. Ra7+ Kg6 58. Bd4 Bd6 59. Be3 Be5 60. Rb7 Rh5 61. Rb5
Rh8 62. Rb4 Kf5 63. Ra4 g5 64. Rc4 Rb8 65. Ra4 Rb3 66. Rc4 Rb2
67. Kf3 Ke6 68. Ra4 Rb3 69. Ra6+ Kd5 70. Ra5+ Ke6 71. Ra6+ Kf5
72. Ra4 Rd3 73. Rc4 Kg6 74. Rc6 Kh5 75. Ke2 Ra3 76. Rc8 Kg4
77. Rc4+ Kf5 78. Rc6 Ra2+ 79. Kd3 g4 80. Rb6 Ra3+ 81. Ke2 Ra4
82. Rb5 Ke4 83. Rb3 Ra2+ 84. Kf1 f5 85. Bc5 f4 86. f3+ gxf3
87. Bb6 Bf6 88. Rb4+ Kf5 89. Rb3 Kg4 90. Rb1 Rh2 91. Kg1 Rg2+
92. Kf1 Rf2+ 93. Bxf2 Bh4 94. Bxh4 Kxh4 95. Rc1 Kg3 96. Rb1
0-1

[Event "ch-EUR Women Blitz"]
[Site "Monaco MNC"]
[Date "2017.10.23"]
[EventDate "2017.10.23"]
[Round "11.1"]
[Result "1/2-1/2"]
[White "Marie Sebag"]
[Black "Alexandra Kosteniuk"]
[WhiteElo "2495"]
[BlackElo "2552"]
[PlyCount "73"]

1. e4 e5 2. Nf3 Nf6 3. Nxe5 d6 4. Nf3 Nxe4 5. d4 d5 6. Bd3 Bd6
7. O-O O-O 8. c4 c6 9. Nc3 Nxc3 10. bxc3 dxc4 11. Bxc4 Bf5
12. Bd3 Bxd3 13. Qxd3 Nd7 14. c4 Nc5 15. Qb1 Ne6 16. Qxb7 Qb6
17. Qxb6 axb6 18. Be3 Ra4 19. Rfc1 Rfa8 20. Rc2 f6 21. g3 Kf7
22. Kg2 R8a6 23. d5 cxd5 24. cxd5 Nc5 25. Nd4 Be5 26. Rd1 Rxa2
27. Rxa2 Rxa2 28. Nc6 Bd6 29. Rb1 Na4 30. Rb3 Ra3 31. Rb5 Rd3
32. Bxb6 Nxb6 33. Rxb6 Rxd5 34. Rb7+ Kg6 35. Rd7 Rd2 36. Ne7+
Kf7 37. Nc8+ 1/2-1/2

[Event "ch-EUR Women Blitz"]
[Site "Monaco MNC"]
[Date "2017.10.23"]
[EventDate "2017.10.23"]
[Round "12.5"]
[Result "1-0"]
[White "Nana Dzagnidze"]
[Black "Marie Sebag"]
[WhiteElo "2520"]
[BlackElo "2495"]
[PlyCount "71"]

1. Nf3 d5 2. d4 Nf6 3. c4 c6 4. cxd5 cxd5 5. Nc3 Nc6 6. Bf4 a6
7. Ne5 Bd7 8. e3 e6 9. Rc1 Be7 10. Bd3 O-O 11. O-O Rc8 12. h3
h6 13. Qe2 Na5 14. Rc2 b5 15. b3 Nc6 16. Nxc6 Rxc6 17. a4 bxa4
18. Nxa4 Qa5 19. Rfc1 Rxc2 20. Rxc2 Bb5 21. Nc5 Rc8 22. Bxb5
Qxb5 23. Nxa6 Qxe2 24. Rxe2 Rc1+ 25. Kh2 Rb1 26. Nc5 Ne4
27. Rc2 f5 28. f3 Ng5 29. Bxg5 hxg5 30. Kg3 Bd6+ 31. Kf2 Kf7
32. Ra2 Kf6 33. Nd7+ Ke7 34. Ra7 Rb2+ 35. Kf1 Rxb3 36. Nc5+
1-0

[Event "ch-EUR Women Blitz"]
[Site "Monaco MNC"]
[Date "2017.10.23"]
[EventDate "2017.10.23"]
[Round "13.7"]
[Result "1-0"]
[White "Marie Sebag"]
[Black "Mai Narva"]
[WhiteElo "2495"]
[BlackElo "2211"]
[PlyCount "99"]

1. e4 c5 2. Nf3 d6 3. d4 cxd4 4. Qxd4 Nc6 5. Bb5 Bd7 6. Bxc6
bxc6 7. c4 e5 8. Qd3 Nf6 9. Nc3 Qc7 10. Bg5 Nh5 11. O-O h6
12. Be3 Be7 13. c5 dxc5 14. Na4 Bg4 15. Nd2 Rd8 16. Qc3 Nf4
17. Bxf4 exf4 18. Qxg7 Rf8 19. Qc3 Rg8 20. e5 Rd5 21. Rfe1 Qd7
22. Ne4 f3 23. Nf6+ Bxf6 24. exf6+ Kd8 25. Qa5+ Qc7 26. Qc3
Bh5 27. g3 Qd7 28. Re7 Rd1+ 29. Rxd1 Qxd1+ 30. Qe1 Qxe1+
31. Rxe1 Rg6 32. Nxc5 Rxf6 33. h3 Rf5 34. b4 Rd5 35. g4 Bg6
36. Re3 a5 37. a3 axb4 38. axb4 Rd4 39. Rb3 h5 40. gxh5 Bxh5
41. Kh2 Kc7 42. Kg3 Kd6 43. Rd3 Kd5 44. Rxd4+ Kxd4 45. Nd7 Bg6
46. Kxf3 Be4+ 47. Kf4 Bg2 48. h4 Kc4 49. h5 Kd5 50. h6 1-0

[Event "European Team Championship (Women)"]
[Site "Hersonissos GRE"]
[Date "2017.10.28"]
[EventDate "2017.10.28"]
[Round "1.6"]
[Result "0-1"]
[White "Valentina Golubenko"]
[Black "Marie Sebag"]
[WhiteElo "2291"]
[BlackElo "2495"]
[PlyCount "142"]

1. d4 d5 2. c4 c6 3. Nf3 Nf6 4. e3 Bf5 5. Nc3 e6 6. Nh4 Bg6
7. Qb3 Qb6 8. Nxg6 hxg6 9. Be2 Nbd7 10. Bd2 Be7 11. O-O-O dxc4
12. Bxc4 Qc7 13. Be2 b5 14. Bf3 Rc8 15. Kb1 a6 16. Rc1 c5
17. Ne4 c4 18. Qc2 Nd5 19. h4 Rxh4 20. Rxh4 Bxh4 21. Ba5 Qb8
22. Rh1 Be7 23. Rh8+ Nf8 24. Nc5 Qd6 25. g3 Qc6 26. e4 Nf6
27. Bb4 e5 28. dxe5 Bxc5 29. Bxc5 Qxc5 30. exf6 gxf6 31. e5
Qxe5 32. Rh1 Ne6 33. Bb7 Rd8 34. Rh8+ Ke7 35. Rxd8 Kxd8
36. Qd2+ Nd4 37. Bxa6 Qe4+ 38. Kc1 Qh1+ 39. Qd1 Qxd1+ 40. Kxd1
Kc7 41. Kd2 Kb6 42. Bc8 Kc6 43. Kc3 Kc5 44. a3 Ne6 45. Bd7 Nc7
46. Kc2 f5 47. Kd2 Kd6 48. Bc8 Nd5 49. Ba6 Kc5 50. Bb7 Nf6
51. Bf3 Kd4 52. Bc6 Ne4+ 53. Ke1 Kc5 54. Be8 Nd6 55. Bd7 Kb6
56. a4 Kc7 57. Bxb5 Nxb5 58. axb5 Kb6 59. Kd2 Kxb5 60. Kc3 Kc5
61. b3 cxb3 62. Kxb3 Kd4 63. Kc2 Ke4 64. Kd2 Kf3 65. Ke1 f4
66. gxf4 Kxf4 67. Kf1 Kf3 68. Kg1 f5 69. Kf1 f4 70. Kg1 Ke2
71. Kg2 g5 0-1

[Event "European Team Championship (Women)"]
[Site "Hersonissos GRE"]
[Date "2017.10.29"]
[EventDate "2017.10.28"]
[Round "2.1"]
[Result "0-1"]
[White "Marie Sebag"]
[Black "Nino Batsiashvili"]
[WhiteElo "2495"]
[BlackElo "2472"]
[PlyCount "104"]

1. e4 e5 2. Nf3 Nc6 3. Bb5 a6 4. Ba4 Nf6 5. O-O Be7 6. Re1 b5
7. Bb3 O-O 8. a4 b4 9. d4 d6 10. dxe5 Nxe5 11. Nxe5 dxe5
12. Qf3 Bc5 13. Be3 Bd4 14. c3 bxc3 15. bxc3 Bxe3 16. Qxe3 Qe7
17. Nd2 Be6 18. Bxe6 Qxe6 19. Qc5 Nd7 20. Qc4 Qxc4 21. Nxc4
Nc5 22. Nxe5 Rfe8 23. Nc6 Re6 24. Nb4 Rxe4 25. Rxe4 Nxe4
26. Nd5 c6 27. Ne7+ Kf8 28. Nxc6 Rc8 29. Nd4 Rxc3 30. a5 Rc4
31. Nf5 Rc5 32. g4 g6 33. Ne3 Nd6 34. Ra4 Nb7 35. Nc4 Ke7
36. f4 Ke6 37. Kf2 Kd5 38. Ne3+ Kc6 39. f5 Rxa5 40. fxg6 fxg6
41. Re4 Ra2+ 42. Kg3 a5 43. Re7 Re2 44. h4 a4 45. Kf3 Rd2
46. Rxh7 a3 47. Rh8 a2 48. Ra8 Kb5 49. Nd5 Rd3+ 50. Ke4 Nc5+
51. Ke5 Rxd5+ 52. Kxd5 Na6 0-1

[Event "European Team Championship (Women)"]
[Site "Hersonissos GRE"]
[Date "2017.10.31"]
[EventDate "2017.10.28"]
[Round "4.5"]
[Result "1/2-1/2"]
[White "Marie Sebag"]
[Black "Yuliya Shvayger"]
[WhiteElo "2495"]
[BlackElo "2442"]
[PlyCount "103"]

1. e4 e6 2. d4 d5 3. Nd2 c5 4. exd5 Qxd5 5. Ngf3 cxd4 6. Bc4
Qd6 7. O-O Nf6 8. Nb3 Nc6 9. Nbxd4 Nxd4 10. Nxd4 Be7 11. c3
O-O 12. Qf3 Qc7 13. Bb3 a5 14. Re1 Bd7 15. Bg5 a4 16. Bc2 Ra5
17. Bh4 Rh5 18. Bg3 Bd6 19. Rad1 Bxg3 20. Qxg3 Qxg3 21. hxg3
Rc5 22. a3 Rfc8 23. Nf3 h5 24. Ne5 Be8 25. Nd3 Rd5 26. Nb4
Rxd1 27. Rxd1 Kf8 28. f3 Ke7 29. Kf2 Bd7 30. Rd4 Ne8 31. g4
hxg4 32. Rxg4 g6 33. Nd3 b5 34. Ne5 Nd6 35. Rd4 Rc5 36. f4 Bc6
37. g4 Bd5 38. Bd3 Bb3 39. g5 Bc4 40. Be4 Bd5 41. Bd3 Bc4
42. Be4 Bd5 43. Bxd5 Rxd5 44. Rxd5 exd5 45. Ke3 Nc4+ 46. Kd4
Nxb2 47. Kxd5 Nd1 48. Nc6+ Kd7 49. Ne5+ Ke7 50. Nc6+ Kd7
51. Ne5+ Ke7 52. Nc6+ 1/2-1/2

[Event "European Team Championship (Women)"]
[Site "Hersonissos GRE"]
[Date "2017.11.01"]
[EventDate "2017.10.28"]
[Round "5.4"]
[Result "1/2-1/2"]
[White "Anna Muzychuk"]
[Black "Marie Sebag"]
[WhiteElo "2576"]
[BlackElo "2495"]
[PlyCount "97"]

1. e4 c5 2. Nf3 d6 3. Bb5+ Nd7 4. O-O a6 5. Bd3 Ngf6 6. c3 b5
7. Bc2 Bb7 8. Re1 e5 9. d4 Be7 10. d5 O-O 11. b3 Qc7 12. c4 b4
13. Nbd2 g6 14. Nf1 Nh5 15. Bh6 Rfe8 16. Qd2 Bf8 17. Ng3 Nxg3
18. fxg3 Bxh6 19. Qxh6 f6 20. Rf1 Nb6 21. a4 a5 22. g4 Qg7
23. Qxg7+ Kxg7 24. g5 Nd7 25. Rf2 Bc8 26. Raf1 Rf8 27. h4 fxg5
28. hxg5 Bb7 29. g3 Rf7 30. Nd4 Rxf2 31. Ne6+ Kg8 32. Rxf2 Rc8
33. Bd1 Ba6 34. Bg4 Nf8 35. Kf1 Bb7 36. Ke1 Ba6 37. Rf6 Nd7
38. Rf2 Nf8 39. Kd1 Bb7 40. Kd2 Ba6 41. Rf6 Nd7 42. Rf2 Nf8
43. Kd3 Bb7 44. Ke3 Ba6 45. Rf6 Nd7 46. Nc7 Rxc7 47. Be6+ Kh8
48. Rf7 Rb7 49. Rxd7 1/2-1/2

[Event "European Team Championship (Women)"]
[Site "Hersonissos GRE"]
[Date "2017.11.03"]
[EventDate "2017.10.28"]
[Round "6.7"]
[Result "0-1"]
[White "Anna-Maria Botsari"]
[Black "Marie Sebag"]
[WhiteElo "2287"]
[BlackElo "2495"]
[PlyCount "146"]

1. d4 d5 2. c4 c6 3. Nf3 Nf6 4. Nbd2 Bf5 5. Nh4 Be6 6. e3 g6
7. Be2 Bg7 8. O-O O-O 9. b3 c5 10. Bb2 cxd4 11. exd4 Nc6
12. Nhf3 a5 13. Re1 Ne4 14. Nxe4 dxe4 15. Ne5 Nxe5 16. dxe5 a4
17. Qc2 Qb6 18. Qxe4 axb3 19. Bd4 Qb4 20. axb3 Rxa1 21. Rxa1
Qxb3 22. Rb1 Qa2 23. Ra1 Qb3 24. Rb1 Qa2 25. Ra1 Qd2 26. Rd1
Qa5 27. Qxb7 Bxe5 28. Qb5 Qxb5 29. cxb5 Bxd4 30. Rxd4 Rc8
31. f4 Rc2 32. Bf3 Rb2 33. Rd8+ Kg7 34. Rb8 Bc4 35. b6 e6
36. h4 Bd5 37. Bxd5 exd5 38. Kh2 Kf6 39. Rd8 Ke6 40. Re8+ Kf5
41. Re7 f6 42. b7 h5 43. Rg7 Rb3 44. Kg1 Rb2 45. Kh2 Rb3
46. Kg1 d4 47. Rd7 Ke4 48. Kf2 Rb2+ 49. Kg3 Rb3+ 50. Kf2 f5
51. Ke1 Ke3 52. Kd1 d3 53. Re7+ Kxf4 54. Kd2 Kg3 55. Rg7 Kxg2
56. Rxg6+ Kh3 57. Rg5 Kxh4 58. Rxf5 Rxb7 59. Kxd3 Re7 60. Kd2
Kg4 61. Rf1 Kg3 62. Rg1+ Kf2 63. Rg8 Rd7+ 64. Kc3 h4 65. Rf8+
Kg3 66. Rg8+ Kf4 67. Rh8 Kg5 68. Kc2 Rd5 69. Kc3 Kg4 70. Kc4
Rh5 71. Rg8+ Rg5 72. Rh8 h3 73. Kd4 Kg3 0-1

[Event "European Team Championship (Women)"]
[Site "Hersonissos GRE"]
[Date "2017.11.04"]
[EventDate "2017.10.28"]
[Round "7.5"]
[Result "1/2-1/2"]
[White "Marie Sebag"]
[Black "Ekaterina Polovnikova-Atalik"]
[WhiteElo "2495"]
[BlackElo "2468"]
[PlyCount "94"]

1. e4 c6 2. d4 d5 3. e5 Bf5 4. Nf3 e6 5. Be2 h6 6. O-O Ne7
7. Nbd2 Nd7 8. Nb3 g5 9. c4 dxc4 10. Bxc4 Nd5 11. Bd3 Bxd3
12. Qxd3 Bg7 13. Nfd2 O-O 14. Ne4 b6 15. f4 gxf4 16. Qh3 f5
17. exf6 N7xf6 18. Qxe6+ Kh8 19. Nc3 Qc7 20. Bd2 Rae8 21. Qh3
Ne4 22. Nxd5 cxd5 23. Rac1 Qd6 24. Be1 a5 25. a4 Ng5 26. Qh5
Re3 27. Rc3 Qe6 28. Bf2 Rxc3 29. bxc3 f3 30. Nd2 Qe2 31. h4
Qxd2 32. hxg5 fxg2 33. Kxg2 Rf5 34. Qe8+ Bf8 35. Qe3 Rxg5+
36. Kh3 Qc2 37. Bg3 Bg7 38. Rf7 Qg6 39. Re7 Qf5+ 40. Kg2 Qc2+
41. Kg1 Qg6 42. Kh2 Kh7 43. Rb7 h5 44. Qf2 Rf5 45. Qg2 Rg5
46. Qf2 Rf5 47. Qg2 Rg5 1/2-1/2

[Event "European Team Championship (Women)"]
[Site "Hersonissos GRE"]
[Date "2017.11.05"]
[EventDate "2017.10.28"]
[Round "8.7"]
[Result "1/2-1/2"]
[White "Marie Sebag"]
[Black "Gunay Mammadzada"]
[WhiteElo "2495"]
[BlackElo "2393"]
[PlyCount "141"]

1. e4 c5 2. Nf3 d6 3. Bb5+ Bd7 4. Bxd7+ Qxd7 5. c4 Nf6 6. Nc3
g6 7. d4 cxd4 8. Nxd4 Bg7 9. f3 Nc6 10. Be3 O-O 11. O-O a6
12. Qd3 Ne5 13. Qe2 Rac8 14. b3 e6 15. Rac1 Rfe8 16. Rfd1 Qe7
17. Qd2 Red8 18. Nde2 Qf8 19. a4 h6 20. Bb6 Rd7 21. a5 h5
22. Be3 Rcd8 23. Bg5 Re8 24. Na4 Nh7 25. Be3 Bf6 26. f4 Ng4
27. Bb6 e5 28. h3 Nh6 29. Be3 Rdd8 30. f5 Bg7 31. fxg6 fxg6
32. Qd5+ Qf7 33. Bb6 Qxd5 34. Rxd5 Nf6 35. Bxd8 Nxd5 36. cxd5
Rxd8 37. Rc7 Rb8 38. Nb6 Bf6 39. Rd7 Nf7 40. Nc4 Bd8 41. b4 b6
42. Nxd6 Nxd6 43. Rxd6 Kf7 44. Rd7+ Ke8 45. Rd6 bxa5 46. bxa5
Rb1+ 47. Kh2 Re1 48. Ng1 Rxe4 49. Rxa6 Rd4 50. Rxg6 Bxa5
51. d6 Bb4 52. Nf3 Rd5 53. Kg3 Bxd6 54. Kf2 e4 55. Re6+ Kf7
56. Rxe4 Kf6 57. Ke2 Ra5 58. Nd2 Ra2 59. Rh4 Kg5 60. Rd4 Bf4
61. Ke1 Bxd2+ 62. Rxd2 Rxd2 63. Kxd2 Kf4 64. Ke2 Kg3 65. Kf1
h4 66. Kg1 Kf4 67. Kf2 Ke4 68. g4 hxg3+ 69. Kxg3 Kf5 70. h4
Kg6 71. Kg4 1/2-1/2

[Event "European Team Championship (Women)"]
[Site "Hersonissos GRE"]
[Date "2017.11.06"]
[EventDate "2017.10.28"]
[Round "9.10"]
[Result "1/2-1/2"]
[White "Elisabeth Paehtz"]
[Black "Marie Sebag"]
[WhiteElo "2453"]
[BlackElo "2495"]
[PlyCount "74"]

1. e4 c5 2. Nf3 d6 3. d4 cxd4 4. Nxd4 Nf6 5. Nc3 a6 6. Bc4 e6
7. O-O Qc7 8. Bb3 Be7 9. f4 Nbd7 10. Qe2 Nc5 11. Kh1 O-O
12. e5 Ne8 13. Nf3 b5 14. Be3 Bb7 15. Rad1 Rc8 16. Bg1 Bc6
17. Nd4 b4 18. Nxc6 Qxc6 19. Bxc5 Qxc5 20. Ne4 Qc6 21. f5 dxe5
22. fxe6 fxe6 23. Rxf8+ Kxf8 24. Rf1+ Kg8 25. Qh5 Nf6 26. Qxe5
Nd5 27. Rd1 Rd8 28. h3 h6 29. Rd3 Bf8 30. c4 bxc3 31. bxc3 Rd7
32. Ba4 Qxa4 33. Qxe6+ Kh8 34. Rxd5 Re7 35. Qf5 Re8 36. Rd4
Qxa2 37. Kh2 Qe6 1/2-1/2

[Event "1st European Corporate"]
[Site "Paris FRA"]
[Date "2017.11.25"]
[EventDate "2017.11.24"]
[Round "5.2"]
[Result "1-0"]
[White "Mikhail Gurevich"]
[Black "Marie Sebag"]
[WhiteElo "2565"]
[BlackElo "2495"]
[PlyCount "77"]

1. g3 d5 2. Bg2 c6 3. d3 Bf5 4. Nd2 e6 5. e4 Bg6 6. Ne2 Nf6
7. Nf4 Nbd7 8. Qe2 dxe4 9. dxe4 e5 10. Nxg6 hxg6 11. Nb3 a5
12. a4 Bb4+ 13. c3 Bd6 14. Be3 Qe7 15. h4 Nc5 16. Nd2 Ncd7
17. Bh3 Bc5 18. Bg5 Nf8 19. Nb3 Bb6 20. Rd1 Ne6 21. Be3 Qc7
22. Bxe6 fxe6 23. Nc5 Bxc5 24. Bxc5 Rd8 25. Rxd8+ Qxd8 26. O-O
Nd7 27. Rd1 Qf6 28. Be3 Rf8 29. Kg2 Qe7 30. Qd3 Rf7 31. Qc4
Qf6 32. Rd2 Qf3+ 33. Kg1 Qg4 34. Qd3 Qf3 35. Qd6 Qg4 36. Kh2
g5 37. Bxg5 Qxe4 38. Qxe6+ Kf8 39. Be3 1-0

[Event "World Rapid Championship (Women)"]
[Site "Riyadh KSA"]
[Date "2017.12.26"]
[EventDate "2017.12.26"]
[Round "1.20"]
[Result "1-0"]
[White "Marie Sebag"]
[Black "Zeinab Mamedjarova"]
[WhiteElo "2492"]
[BlackElo "2363"]
[PlyCount "123"]

1. e4 e5 2. Nf3 d6 3. d4 Nd7 4. Nc3 Ngf6 5. Bc4 Be7 6. O-O O-O
7. Re1 c6 8. a4 a5 9. h3 Re8 10. b3 exd4 11. Qxd4 Nb6 12. Bf1
d5 13. e5 Nfd7 14. Bb2 Bc5 15. Qf4 Nf8 16. Rad1 Ng6 17. Qd2
Nd7 18. Nb1 Qe7 19. c4 dxc4 20. Bxc4 Nb6 21. Bd3 Be6 22. Nd4
Red8 23. Nxe6 fxe6 24. Qc2 Rf8 25. Rf1 Nd5 26. Bxg6 hxg6
27. Qxg6 Rf5 28. Nc3 Nf4 29. Qg4 Nxg2 30. Ne4 Nf4 31. Nf6+ Kh8
32. Qh4+ Rh5 33. Qxf4 gxf6 34. exf6 Qf7 35. Kh2 Bb6 36. Be5
Rxe5 37. Qxe5 Bc7 38. Rd6 Bxd6 39. Qxd6 Qxf6 40. f4 Rd8
41. Qe5 Rd2+ 42. Kg3 Rd3+ 43. Kg4 Qxe5 44. fxe5 Rxb3 45. Rf6
Rb4+ 46. Kg5 Rxa4 47. Rxe6 Rb4 48. Rg6 Rb1 49. e6 Re1 50. Kf6
Rf1+ 51. Ke7 a4 52. Rf6 Re1 53. Kf7 Kh7 54. Rf4 Kh6 55. Kf6
Kh5 56. Rxa4 Rf1+ 57. Ke5 Re1+ 58. Re4 Rxe4+ 59. Kxe4 Kg6
60. Ke5 c5 61. Kd6 Kf6 62. e7 1-0

[Event "World Rapid Championship (Women)"]
[Site "Riyadh KSA"]
[Date "2017.12.26"]
[EventDate "2017.12.26"]
[Round "2.11"]
[Result "1/2-1/2"]
[White "Klaudia Kulon"]
[Black "Marie Sebag"]
[WhiteElo "2370"]
[BlackElo "2492"]
[PlyCount "115"]

1. c4 c6 2. g3 d5 3. Bg2 Nf6 4. Qc2 g6 5. Nf3 Bg7 6. O-O O-O
7. d3 Nbd7 8. e4 dxe4 9. dxe4 e5 10. b3 Re8 11. Rd1 a5 12. Ba3
Qb6 13. Bd6 Nc5 14. Nc3 Bg4 15. Rab1 Nfd7 16. Na4 Qa7 17. h3
Bxf3 18. Bxf3 Ne6 19. Bg4 Ndf8 20. Bxf8 Nxf8 21. c5 h5 22. Bd7
Re7 23. Nb6 Rd8 24. Bc8 Rd4 25. h4 Re8 26. Bh3 Red8 27. Kh2
Qb8 28. Nc4 Qc7 29. Rxd4 Rxd4 30. Rd1 Nd7 31. Rxd4 exd4
32. Nd6 d3 33. Qxd3 Nxc5 34. Qd2 Qd8 35. Bg2 Be5 36. Nc4 Qxh4+
37. Kg1 Qf6 38. Nxe5 Qxe5 39. Qxa5 Qd4 40. Qb6 Qc3 41. Kh2 Nd3
42. Bf1 Ne5 43. Qxb7 Ng4+ 44. Kg2 Qd4 45. Qb8+ Kg7 46. Qf4 Ne5
47. a4 Qc3 48. Qe3 Qxe3 49. fxe3 Kf6 50. a5 Nd7 51. Bc4 Ke7
52. Kf3 f6 53. Kf4 Kd6 54. b4 Ne5 55. Bf1 Ke6 56. Bh3+ Kd6
57. Bf1 Ke6 58. Bh3+ 1/2-1/2

[Event "World Rapid Championship (Women)"]
[Site "Riyadh KSA"]
[Date "2017.12.26"]
[EventDate "2017.12.26"]
[Round "3.13"]
[Result "1-0"]
[White "Marie Sebag"]
[Black "Gulrukhbegim Tokhirjonova"]
[WhiteElo "2492"]
[BlackElo "2329"]
[PlyCount "153"]

1. e4 e5 2. Nf3 Nc6 3. Bb5 a6 4. Ba4 Nf6 5. O-O Be7 6. Re1 b5
7. Bb3 O-O 8. a4 Bb7 9. d3 d5 10. exd5 Nxd5 11. Nxe5 Nd4
12. Nd2 Nf4 13. Ndf3 Nxb3 14. cxb3 Nd5 15. d4 Bd6 16. Bd2 Qc8
17. Qc2 f6 18. Nc6 Qg4 19. h3 Qh5 20. Na5 Bc8 21. Qe4 Bd7
22. Ne5 Be6 23. Nec4 Bf7 24. Nxd6 cxd6 25. Nb7 Nb6 26. Nxd6
Bxb3 27. axb5 Bd5 28. Qf5 Qxf5 29. Nxf5 axb5 30. Ba5 Nc4
31. Ne7+ Kf7 32. Nxd5 Rxa5 33. Rxa5 Nxa5 34. Re7+ Kg8 35. Nf4
Nc6 36. Rd7 Re8 37. d5 Nb4 38. Ne6 Nxd5 39. Rxd5 Rxe6 40. Rxb5
Re1+ 41. Kh2 Re2 42. Kg3 Kf7 43. Rb7+ Kg6 44. Kf3 Rc2 45. g4
Rc5 46. Rb4 Rc2 47. Rb5 Rd2 48. Kg3 Rd3+ 49. f3 Rd1 50. h4 Rd2
51. b4 Rb2 52. Kf4 Rb1 53. h5+ Kh6 54. Rb6 Rb3 55. Ke4 g6
56. hxg6 hxg6 57. f4 Rb1 58. Kd5 Kg7 59. Rb7+ Kh6 60. Ke6 Rg1
61. Kxf6 Rxg4 62. Ke5 Rg1 63. b5 Re1+ 64. Kd4 Rd1+ 65. Kc5
Rc1+ 66. Kb6 Kh5 67. Rf7 Rf1 68. Rf6 Kh6 69. Kc7 Kg7 70. Rc6
Rxf4 71. b6 Rf7+ 72. Kb8 Rf8+ 73. Rc8 Rf1 74. b7 g5 75. Rc6
Rf8+ 76. Ka7 Rf7 77. Ka8 1-0

[Event "World Rapid Championship (Women)"]
[Site "Riyadh KSA"]
[Date "2017.12.26"]
[EventDate "2017.12.26"]
[Round "4.3"]
[Result "1/2-1/2"]
[White "Nana Dzagnidze"]
[Black "Marie Sebag"]
[WhiteElo "2522"]
[BlackElo "2492"]
[PlyCount "81"]

1. d4 d5 2. Nf3 Nf6 3. c4 c6 4. cxd5 cxd5 5. Nc3 Nc6 6. Bf4
Bf5 7. Qb3 Na5 8. Qa4+ Bd7 9. Qc2 e6 10. e3 Nc6 11. a3 Nh5
12. Bg5 Qa5 13. Be2 h6 14. Bh4 g5 15. Bg3 Nxg3 16. hxg3 Bg7
17. g4 Rc8 18. Rc1 a6 19. Qb1 Qd8 20. b4 e5 21. dxe5 Nxe5
22. Nd4 Bxg4 23. Bxg4 Nxg4 24. Qf5 Qd7 25. Ke2 Bxd4 26. Qxd7+
Kxd7 27. exd4 Rhe8+ 28. Kf3 Nf6 29. Rxh6 g4+ 30. Kf4 Ne4
31. Ne2 Nxf2 32. Rxc8 Rxc8 33. Ng3 Rc3 34. Nf5 Rxa3 35. Rh7
Nd3+ 36. Kxg4 Nxb4 37. Rxf7+ Kc6 38. Rf6+ Kc7 39. Rf7+ Kc6
40. Rf6+ Kc7 41. Rf7+ 1/2-1/2

[Event "World Rapid Championship (Women)"]
[Site "Riyadh KSA"]
[Date "2017.12.26"]
[EventDate "2017.12.26"]
[Round "5.7"]
[Result "1/2-1/2"]
[White "Marie Sebag"]
[Black "Antoaneta Stefanova"]
[WhiteElo "2492"]
[BlackElo "2500"]
[PlyCount "107"]

1. e4 e5 2. Nf3 Nc6 3. Bb5 Nf6 4. d3 d6 5. c4 Bg4 6. Nc3 Be7
7. h3 Bxf3 8. Qxf3 O-O 9. Ne2 Nd7 10. Bxc6 bxc6 11. O-O c5
12. a3 a5 13. Bd2 Qb8 14. Bc3 Qb7 15. Qg3 Bf6 16. Qg4 Qc8
17. Ng3 Nb6 18. Qe2 Na4 19. Be1 Bg5 20. Qc2 Qd7 21. b3 Nb6
22. Bd2 Bxd2 23. Qxd2 Nc8 24. f4 exf4 25. Rxf4 Ne7 26. Raf1
Qe6 27. Rg4 f5 28. exf5 Nxf5 29. Re4 Qg6 30. Nxf5 Rxf5
31. Rxf5 Qxf5 32. Re7 c6 33. Qe3 Rf8 34. Qe6+ Qxe6 35. Rxe6
Rd8 36. Re7 Rb8 37. Rd7 Rxb3 38. Rxd6 Rxa3 39. Kf2 a4 40. Rxc6
Rxd3 41. Rxc5 Rd2+ 42. Kf3 a3 43. Ra5 a2 44. Ra7 Kf8 45. c5
Ke8 46. c6 Kd8 47. h4 Kc8 48. c7 Kd7 49. g4 Rc2 50. h5 Rc3+
51. Kf4 Rc4+ 52. Kf3 Rc3+ 53. Kf4 Rc4+ 54. Kf3 1/2-1/2

[Event "World Rapid Championship (Women)"]
[Site "Riyadh KSA"]
[Date "2017.12.27"]
[EventDate "2017.12.26"]
[Round "6.6"]
[Result "1-0"]
[White "Alexandra Kosteniuk"]
[Black "Marie Sebag"]
[WhiteElo "2557"]
[BlackElo "2492"]
[PlyCount "63"]

1. e4 c5 2. Nf3 d6 3. d4 cxd4 4. Nxd4 Nf6 5. Nc3 a6 6. Bg5 e6
7. Qf3 Nbd7 8. Be2 Be7 9. O-O Qc7 10. a4 b6 11. Qg3 Bb7
12. Be3 Ne5 13. f3 O-O 14. Qf2 d5 15. exd5 Nxd5 16. Nxd5 Bxd5
17. b3 Nd7 18. c4 Bb7 19. Bd3 Bf6 20. Rac1 Rfd8 21. Rfd1 Rac8
22. Bb1 g6 23. b4 e5 24. Nb3 Be7 25. Qe1 Nf8 26. Rxd8 Qxd8
27. a5 bxa5 28. Nxa5 Ba8 29. c5 Ne6 30. Nc4 Rb8 31. Nxe5 Rxb4
32. Qxb4 1-0

[Event "World Rapid Championship (Women)"]
[Site "Riyadh KSA"]
[Date "2017.12.27"]
[EventDate "2017.12.26"]
[Round "7.17"]
[Result "1-0"]
[White "Marie Sebag"]
[Black "Sopio Gvetadze"]
[WhiteElo "2492"]
[BlackElo "2289"]
[PlyCount "99"]

1. e4 c6 2. d4 g6 3. Nc3 Bg7 4. Nf3 d6 5. Be3 Nf6 6. h3 b5
7. Bd3 b4 8. Ne2 Nbd7 9. Qd2 a5 10. c3 bxc3 11. bxc3 Ba6
12. Ng3 Qc7 13. Bxa6 Rxa6 14. Bh6 O-O 15. Bxg7 Kxg7 16. Qg5
Kh8 17. e5 Ng8 18. O-O f6 19. exf6 exf6 20. Qf4 c5 21. Rfe1
Qc8 22. Ne4 d5 23. Nxc5 Nxc5 24. dxc5 Qxc5 25. Rad1 Rb6
26. Qd4 Qxd4 27. Rxd4 Rb5 28. c4 dxc4 29. Rxc4 Nh6 30. Rc7 Rf7
31. Rc8+ Kg7 32. Nd4 Re5 33. Ne6+ Rxe6 34. Rxe6 Rd7 35. Rec6
Rd1+ 36. Kh2 Nf5 37. Rc1 Rd6 38. R8c5 a4 39. R5c4 Ra6 40. Rc7+
Kh6 41. R7c6 Ra7 42. Rxf6 Rb7 43. Rfc6 a3 44. R1c3 Rb2
45. Rxa3 Nd4 46. Rc4 Nc2 47. Rac3 Ne1 48. Re4 Rb1 49. a4 Ra1
50. a5 1-0